| 000 | 00931nam a2200289 i 4500 | ||
|---|---|---|---|
| 003 | EG-GICUC | ||
| 005 | 20260124021817.0 | ||
| 008 | 260124s1910 fr ||||fr ||| 00| 0 fre d | ||
| 040 |
_aEG-GICUC _cEG-GICUC _dEG-GICUC _erda _bfre |
||
| 041 | 0 | _afre | |
| 082 | 0 | 4 |
_221 _a341.33 _bPA . S |
| 092 | 0 | 4 | _221 |
| 099 | _aLaw1 11 341.33 PA . S 1910 | ||
| 100 | 1 |
_aPatau,Paul _eAuteur |
|
| 245 |
_aDe La Situation Comparee Des Agents Diplomatiques Et Consulaires / _cPaul Patau . |
||
| 264 | 0 |
_aToulouse : _bCH.Dirion ,Libraire-Editeur , _c1910 . |
|
| 300 |
_a215 Pages ; _c30 cm. |
||
| 336 |
_atext _2rda content |
||
| 337 |
_aComputer _2rda media |
||
| 338 |
_aOnline Resource _2rda carrier |
||
| 546 | _aTexte en français | ||
| 650 | 0 | 4 | _aDroit International Public |
| 650 | 0 | 4 | _aLa Diplomatie Et Le Corps Diplomatique |
| 856 | _uhttps://fll.law.cu.edu.eg/fulltext/th/B11-06904.pdf | ||
| 905 | _a59 | ||
| 942 |
_2ddc _cBK _e21 _n0 |
||
| 999 |
_c58821 _d58821 |
||